000 00599nam a22001577a 4500
999 _c535809
_d535809
020 _qHard Cover.
082 _a621.3
100 _a Ali, Iftikhar
245 _aX-rays Dose reduction in Computed Tomography (CT) scans through development and subsequent implementation of advanced post processing algorithms /
_cIftikhar Ali.
260 _aIslamabad :
_bPNEC - NUST,
_c2014.
300 _a39 p. : ill. ;
_c30cm.
942 _2ddc
_cTHE
650 _aElectrical Engineering MS-Thesis.
_916073
700 _aDr. Tariq Mairaj Rasool Khan.
_929828